00571nam a22001937a 450000500170000001000130001702000100003003500130004003700160005304000120006908200130008124500910009426000430018527000520022830000240028065000230030465000200032770000300034720170124110045.0 aA-240975 c00.00 aA-240975 bCen Lib/Ret aDPLbEN a881bIND aIndian poetry in english /cedited by Hari Mohan Prasad [and] Chakardhar Prasad Singh  aNew Delhi bSterling Publishers c1985 aL-10, green park extention bNew Delhi e110016 aix, 114p.c21cm(Hb) aIndian literature  aEnglish poetry  aSingh, Chakardhar Prasad